• 首页
  • 本馆介绍
  • 公告通知
  • 最新文献
  • 馆藏检索
  • 电子资源
  • 读者导购
  • 参考咨询
  • 我的图书馆
  • 登录
  • 详细信息显示
  • 放入我的书架
  • 预约/预借图书
  • 作者相关作品
  • 分类相关作品
  • 丛书相关作品
  • 出版社相关作品

书目信息

  • 表格格式
  • 工作单格式
  • 卡片格式
题名:
中药应用鉴别
    
 
作者: 翁雄健 编写
分册:  
出版信息: 天津   天津科学技术出版社  1984
页数: 331页
开本: 19cm
丛书名:
单 册:
中图分类: R282.5
科图分类:
主题词: 中药学
电子资源:
ISBN:
000 00628nam0 2200241 45
001 0184009735
005 20040520111601.0
010    @dCNY1.35
091    @a14212.114
100    @a19950612d1984 em y0chiy0121 ea
101 0  @achi
102    @aCN@b120000
105    @ay z 000yy
106    @ar
200 10 @a中药应用鉴别@Azhong yao ying yong jian bie@f翁雄健编写
210    @a天津@c天津科学技术出版社@d1984
215    @a331页@d19cm
606 0  @a中药学
690    @aR282.5
701  0 @a翁雄健@Aweng xiong jian@4编写
801  0 @aCN@b上海图书馆@c20040520
801  2 @aCN@bNLC@c20040520
905    @f1@b262716@dR282.5@e108
    
    中药应用鉴别/翁雄健编写.-天津:天津科学技术出版社,1984
    331页;19cm
    
    
    ISBN :CNY1.35
    
●
相关链接 在E读中查询图书 在五车中查询图书 在当当中查询图书 在豆瓣中查询图书


正题名:中药应用鉴别     索取号:R282.5/108         预约/预借

序号 登录号 条形码 馆藏地/架位号 状态 备注
1 0262715   000709424   第二样本阅览室/ [索取号:R282.5/108] 在馆    
2 0262716   000709442   第三借阅区/ [索取号:R282.5/108] 在馆    
唐山师范学院图书馆 欢迎您!
大连网信软件有限公司© 版权所有